000 00558nam a22001811c 4500
001 a987684001
008 051003s1975 gw |||| 000u ger d
041 _ager
100 1 _aHaxthausen, August von
245 0 0 _aAugust von Haxthausen - Edita von Rahden :
_bEin Briefwechsel im Hintergrund der russischen Bauernbefreiung 1861
264 _aPaderborn :
_bSchöningh,
_c1975
300 _a263 S. Feinb.
700 1 _aRahden, Edita von
_eVerfasserIn
700 1 _aCohausz, Alfred
_eHerausgeberIn
942 _cMG
040 _cRU-10907106
003 RU-10907106
999 _c8432
_d8432